| 000 | 00806nac a22002171u 4500 | ||
|---|---|---|---|
| 010 | _a 93027073 | ||
| 020 | _a0205153364 | ||
| 082 | 0 | 0 |
_a658 _bC3372 |
| 090 |
_c3933 _d3933 |
||
| 100 | _aCerto, Samuel C. | ||
| 245 | 1 | 0 |
_aModern management : _bdiversity, quality, ethics, and the global environment / _cSamuel C. Certo. |
| 250 | _a6th ed. | ||
| 260 |
_aBoston : _bAllyn and Bacon, _cc1994. |
||
| 300 |
_axxxv, 699 p. : _bcol. ill. ; _c29 cm. |
||
| 504 | _aIncludes bibliograhical references (p. 669-680) and indexes. | ||
| 650 | 0 | _aManagement. | |
| 650 | 0 | _aIndustrial management. | |
| 650 | 0 | _aSocial responsibility of business. | |
| 942 |
_cBB _k658C3372 |
||
| 999 |
_c3933 _d3933 |
||